| 000 | 01341nac a22003251i 4500 | ||
|---|---|---|---|
| 003 | EG-ScBUE | ||
| 005 | 20240319092303.0 | ||
| 008 | 240319t1984 mduab f b 001 0 eng d | ||
| 020 | _a0870217453 | ||
| 040 |
_aEG-ScBUE _beng _erda _cEG-ScBUE _dEG-ScBUE |
||
| 043 | _an-us--- | ||
| 082 | 0 | 4 |
_a940.45973 _bSIM _222 |
| 100 | 1 |
_aSims, William Sowden, _eauthor. |
|
| 245 | 1 | 4 |
_aThe victory at sea / _cby rear admiral William Sowden Sims ; with an introduction by David F. Trask. |
| 264 | 1 |
_aAnnapolis, Maryland : _bNaval Institute Press, _c[1984] |
|
| 264 | 4 | _cc1984 | |
| 300 |
_axxvii, 420 pages : _billustrations, maps ; _c22 cm |
||
| 336 |
_2rdacontent _atext _btxt |
||
| 337 |
_aunmediated _2rdamedia _bn |
||
| 338 |
_avolume _bnc _2rdacarrier |
||
| 500 | _aReprint. Originally published: Garden City, N.Y. : Doubleday, Page & Co., 1920. With new introd. and notes. | ||
| 504 | _aIncludes bibliographical references and index. | ||
| 600 | 1 | 7 |
_aSims, William Sowden, _d1858-1936. _2BUEsh |
| 610 | 1 | 7 |
_aUnited States. _bNavy _xHistory _yWorld War, 1914-1918. _2BUEsh |
| 650 | 7 |
_aWorld War, 1914-1918 _xNaval operations, American. _2BUEsh |
|
| 650 | 7 |
_aWorld War, 1914-1918 _xNaval operations _xSubmarine. _2BUEsh |
|
| 650 | 7 |
_aWorld War, 1914-1918 _xPersonal narratives, American. _2BUEsh |
|
| 655 | _vReading book | ||
| 942 |
_cBB _2ddc |
||
| 999 |
_c9680 _d9680 |
||